The Future of Learning PlayBook :A Practical Guide to Navigating the Changing Landscape for Creativity, Innovation and Entrepreneurship (Record no. 43500)

MARC details
000 -LEADER
fixed length control field 01040cam a22003255i 4500
001 - CONTROL NUMBER
control field 22965287
005 - DATE AND TIME OF LATEST TRANSACTION
control field 20250417094030.0
008 - FIXED-LENGTH DATA ELEMENTS--GENERAL INFORMATION
fixed length control field 230209s2023 mau 000 0 eng
010 ## - LIBRARY OF CONGRESS CONTROL NUMBER
LC control number 2023932372
020 ## - INTERNATIONAL STANDARD BOOK NUMBER
International Standard Book Number 9783110739435
020 ## - INTERNATIONAL STANDARD BOOK NUMBER
Canceled/invalid ISBN 9783110767360
041 ## - LANGUAGE CODE
Language code of text/sound track or separate title eng
042 ## - AUTHENTICATION CODE
Authentication code pcc
082 ## - DEWEY DECIMAL CLASSIFICATION NUMBER
Classification number 658.5 BES
100 1# - MAIN ENTRY--PERSONAL NAME
Author Bessant, John,
245 14 - TITLE STATEMENT
Title The Future of Learning PlayBook :A Practical Guide to Navigating the Changing Landscape for Creativity, Innovation and Entrepreneurship
260 ## - PUBLICATION, DISTRIBUTION, ETC.
Place Boston
Publisher De Gruyter
Publication Year 2024
300 ## - PHYSICAL DESCRIPTION
Extent 180;. P. 16 cm
650 ## - SUBJECT ADDED ENTRY--TOPICAL TERM
Subject Leadership; Communication in Management; Communication in Organizations; Executive Coaching
700 1# - ADDED ENTRY--PERSONAL NAME
Co-Author Kokshagina, Olga,
700 1# - ADDED ENTRY--PERSONAL NAME
Co-Author Papageorgiou, Kyriaki,
942 ## - ADDED ENTRY ELEMENTS (KOHA)
Koha item type Books
263 ## - PROJECTED PUBLICATION DATE
Projected publication date 2312
264 #1 - PRODUCTION, PUBLICATION, DISTRIBUTION, MANUFACTURE, AND COPYRIGHT NOTICE
Place of production, publication, distribution, manufacture Boston :
Name of producer, publisher, distributor, manufacturer De Gruyter,
Date of production, publication, distribution, manufacture, or copyright notice 2023.
336 ## - CONTENT TYPE
Content type term text
Content type code txt
Source rdacontent
337 ## - MEDIA TYPE
Media type term unmediated
Media type code n
Source rdamedia
338 ## - CARRIER TYPE
Carrier type term volume
Carrier type code nc
Source rdacarrier
906 ## - LOCAL DATA ELEMENT F, LDF (RLIN)
a 0
b ibc
c orignew
d 2
e epcn
f 20
g y-gencatlg
Holdings
Withdrawn status Lost status Source of classification or shelving scheme Damaged status Not for loan Home library Current library Shelving location Accession Date Vendor Price Bill number Total Checkouts Total Renewals Full call number Barcode No Date last seen Date last checked out Discount Bill Date Koha item type Suggested By
    Dewey Decimal Classification     IMTN IMTN Rack 34-A 03/26/2025 Raghav Books Limited 2791.34 2374 1 1 658.5 BES 33910 10/17/2025 07/06/2025 33 02/14/2025 Books Susmito Majumder (2023384)
Designed & Maintained by: LRC IMT Nagpur Contact: lrc@imtnag.ac.in© 2024. All Rights Reserved.